01434nam a2200301 i 450000100060000000300090000600500170001500800390003201500170007104000270008808000110011508000160012610001460014224501060028826000460039430000360044049000590047650400220053552100770055765000230063465500310065770001480068883000590083685601110089585600970100694200120110399900170111510388KOSZ 00520180420154833.0970510s1992 pl a f f |000 0 pol aPB 1993/7727 aWA NcBPKdKOSZ 005/EG a678.02 a(075.8+076)1 aRAKOWSKA, Teresa.bWyższa Szkoła Inżynierska w Koszalinie - Instytut Inżynierii Materiałowej,cZakład Chemii Fizycznejd1974 - 1996.10aPrzetwórstwo tworzyw sztucznych :bćwiczenia laboratoryjne /cTeresa Rakowska, Wiesław Skubała. aKoszalin :bWydaw. Uczelniane WSI,c1992. a161 s. :brys., wykr. ;c25 cm.1 aSkrypty / Wyższa Szkoła Inżynierska w Koszalinie. aBibliogr. s. 161. aSkrypt Wydz. Mechanicznego do przedm. Przetwórstwo tworzyw sztucznych. 0aTworzywa sztuczne. 0aPodręczniki akademickie.1 aSKUBAŁA, Wiesław.bWyższa Szkoła Inżynierska w Koszalinie - Wydział Mechaniczny,cZakład Elektrotechniki i Elektrochemiid1980 - 1995. aSkrypty - Wyższa Szkoła Inżynierska w Koszalinie. uhttp://dlibra.tu.koszalin.pl/dlibra/docmetadata?id=399&from=&dirids=1&ver_id=&lp=1&QI=yBiblioteka Cyfrowa uhttp://koha.tu.koszalin.pl/cgi-bin/koha/opac-detail.pl?biblionumber=5964yKatalog online BPK 2UKDcKS c10388d10388